000 00539nam a2200181Ia 4500
008 100921s9999 xx 000 0 und d
082 _b12186
_a823 थ 37
100 _aLieber Maxim.
245 _aGreat Short Stories Of The World.
260 _b---
_c1937
300 _a1072
_b---
365 _b0
520 _aललित इंग्रजी कथा.
630 _aGreat Short Stories Of The World.
650 _aललित इंग्रजी कथा.
730 _aGreat Short Stories Of The World.
942 _cBOOK
999 _c761299
_d761296